000 00373nam a22001577a 4500
003 MPLRDC
005 20220104114653.0
008 210129b ||||| |||| 00| 0 eng d
082 _a292.1 BYSR
100 _a白云山人编
245 _a梅花易数与测字
_c
260 _a
_b富城出版社
_c
300 _b
650 _a占卜--易占
942 _cBK
_o292.1 BYSR
999 _c9304
_d9294